[Event "Nezhmetdinov Memorial 39th"]
[Site "Kazan"]
[Date "2017.06.08"]
[Round "9"]
[White "Maraktanov, Andrey"]
[Black "Khafizov, Emir"]
[Result "1/2-1/2"]
[WhiteElo "1821"]
[BlackElo "1906"]
[PlyCount "68"]
[EventDate "2017.05.31"]
[EventType "swiss"]
[EventRounds "9"]
[EventCountry "RUS"]
[SourceTitle "EXT 2018"]
[Source "ChessBase"]
[SourceDate "2017.10.13"]
[SourceVersion "1"]
[SourceVersionDate "2017.10.13"]
[SourceQuality "1"]

1. Nf3 Nf6 2. g3 g6 3. Bg2 Bg7 4. 0-0 0-0 5. c4 c6 6. d3 d5 7. Nbd2 Nbd7 8. Rb1 a5 9. a3 b5 10. cxb5 cxb5 11. Qb3 Qb6 12. e4 Nc5 13. Qc2 dxe4 14. Nxe4 Nfxe4 15. dxe4 Bb7 16. Be3 Rac8 17. b4 axb4 18. axb4 Qe6 19. Bxc5 Bxe4 20. Qe2 Bxb1 21. Qxe6 fxe6 22. Rxb1 Bf6 23. Nd4 Rxc5 24. Nxe6 Rcc8 25. Nxf8 Kxf8 26. Bf1 Rb8 27. Rc1 Bb2 28. Re1 Bc3 29. Re4 Rb6 30. f4 Rd6 31. Bxb5 Rd4 32. Rxd4 Bxd4+ 33. Kg2 Bc3 34. Kf3 Bxb4 1/2-1/2

[Event "Tatarstan-ch"]
[Site "Kazan"]
[Date "2016.09.23"]
[Round "8"]
[White "Khafizov, Emir"]
[Black "Bairamov, Ferdinant"]
[Result "1-0"]
[WhiteElo "1675"]
[BlackElo "1535"]
[PlyCount "89"]
[EventDate "2016.09.16"]
[EventType "swiss"]
[EventRounds "9"]
[EventCountry "RUS"]
[SourceTitle "CBM 174 Extra"]
[Source "ChessBase"]
[SourceDate "2016.10.10"]
[SourceVersion "1"]
[SourceVersionDate "2016.10.10"]
[SourceQuality "1"]

1. d4 g6 2. c4 Bg7 3. Nf3 d6 4. Nc3 Nf6 5. e4 Bg4 6. Be2 0-0 7. 0-0 Nbd7 8. Be3 e5 9. d5 c6 10. Nd2 Bxe2 11. Qxe2 cxd5 12. cxd5 Rc8 13. Rac1 a6 14. b4 Rc7 15. f3 Qe7 16. Nb3 Rfc8 17. Na4 Rxc1 18. Rxc1 Rxc1+ 19. Nxc1 b5 20. Nb2 Qd8 21. Qc2 Ne8 22. Qc6 Nb8 23. Qb7 Qc7 24. Qa8 Kf8 25. Ncd3 Ke7 26. h3 Kd7 27. Ba7 Kc8 28. Bxb8 Qxb8 29. Qxa6+ Kd7 30. Kh2 Nc7 31. Qc6+ Ke7 32. Nc5 Qd8 33. Nb7 Qd7 34. Qb6 f5 35. Nd3 Bf8 36. Ndc5 dxc5 37. d6+ Ke8 38. dxc7 c4 39. Nd6+ Bxd6 40. Qb8+ Kf7 41. c8Q Qe7 42. Qg8+ Kf6 43. Qbd8 Bxb4 44. Qgf8+ Ke6 45. Qd5# 1-0

[Event "Samara Polugaevsky Memorial 6th"]
[Site "Samara"]
[Date "2016.07.11"]
[Round "9"]
[White "Khafizov, Emir"]
[Black "Gutkovich, Polina"]
[Result "1-0"]
[WhiteElo "1720"]
[BlackElo "1775"]
[PlyCount "99"]
[EventDate "2016.07.03"]
[EventType "swiss"]
[EventRounds "9"]
[EventCountry "RUS"]
[SourceTitle "EXT 2019"]
[Source "ChessBase"]
[SourceDate "2018.10.10"]
[SourceVersion "1"]
[SourceVersionDate "2018.10.10"]
[SourceQuality "1"]

1. d4 d5 2. c4 e6 3. Nf3 Nf6 4. Qc2 c6 5. g3 dxc4 6. Qxc4 b5 7. Qc2 Bb7 8. a3 Nbd7 9. Bg2 Rc8 10. b4 a5 11. bxa5 Qxa5+ 12. Bd2 Qa7 13. Nc3 b4 14. Qa4 Qxa4 15. Nxa4 bxa3 16. 0-0 Ra8 17. Rfb1 Rxa4 18. Rxb7 Bd6 19. Bf4 Bxf4 20. gxf4 0-0 21. Rc7 Rb8 22. Rxc6 a2 23. Rcc1 g6 24. Ne5 Nxe5 25. fxe5 Nd5 26. Bxd5 exd5 27. e3 Rb2 28. Kg2 Rab4 29. Rc8+ Kg7 30. Ra8 Rb7 31. R8xa2 R2b5 32. Ra5 Kf8 33. Rxb5 Rxb5 34. Ra6 Ke7 35. Kg3 h6 36. Rd6 Ra5 37. h3 Rb5 38. Ra6 Rb1 39. Kf3 Rb5 40. h4 Rb2 41. h5 gxh5 42. Rxh6 Rb3 43. Rxh5 Rb6 44. Rf5 Ra6 45. Kg4 Rg6+ 46. Rg5 Ra6 47. Kf4 Ra2 48. f3 Ra1 49. Rg2 Ke6 50. Rb2 1-0

[Event "Samara Polugaevsky Memorial 6th"]
[Site "Samara"]
[Date "2016.07.09"]
[Round "7"]
[White "Asatryan, Gor"]
[Black "Khafizov, Emir"]
[Result "1-0"]
[WhiteElo "1956"]
[BlackElo "1720"]
[PlyCount "119"]
[EventDate "2016.07.03"]
[EventType "swiss"]
[EventRounds "9"]
[EventCountry "RUS"]
[SourceTitle "EXT 2019"]
[Source "ChessBase"]
[SourceDate "2018.10.10"]
[SourceVersion "1"]
[SourceVersionDate "2018.10.10"]
[SourceQuality "1"]

1. e4 e6 2. d4 d5 3. Nc3 dxe4 4. Nxe4 Nd7 5. Nf3 Ngf6 6. Nxf6+ Nxf6 7. Bg5 h6 8. Bh4 Be7 9. Bd3 0-0 10. Qe2 Qd5 11. 0-0 Bd7 12. Rfd1 c6 13. Ne5 Rad8 14. c4 Qa5 15. a3 Be8 16. b4 Qc7 17. Bc2 g6 18. Qe3 Kg7 19. g3 Ng8 20. Bxe7 Nxe7 21. Ng4 Ng8 22. h4 h5 23. Ne5 Nf6 24. Re1 Nd7 25. Rad1 Qd6 26. c5 Qe7 27. Nxd7 Rxd7 28. Bb3 Qf6 29. Qe5 Rd8 30. Re4 Bd7 31. Rf4 Qxe5 32. dxe5 Bc8 33. Rfd4 Rxd4 34. Rxd4 f6 35. Rd6 fxe5 36. Bxe6 Bxe6 37. Rxe6 Rf3 38. Rxe5 Rxa3 39. Re7+ Kf6 40. Rxb7 Rb3 41. Rxa7 Rxb4 42. Ra6 Kf5 43. Rxc6 Rc4 44. Kg2 Rc3 45. Rc8 Ke5 46. c6 Rc4 47. c7 Kd6 48. Rg8 Kxc7 49. Rxg6 Rc5 50. Rg5 Rxg5 51. hxg5 Kd6 52. Kh3 Ke5 53. Kh4 Kf5 54. Kxh5 Ke6 55. Kh6 Kf7 56. Kh7 Kf8 57. g6 Ke7 58. g7 Kf6 59. g8Q Kf5 60. f4 1-0

[Event "Samara Polugaevsky Memorial 6th"]
[Site "Samara"]
[Date "2016.07.05"]
[Round "3"]
[White "Khafizov, Emir"]
[Black "Zaika, Daniil"]
[Result "0-1"]
[WhiteElo "1720"]
[BlackElo "2013"]
[PlyCount "52"]
[EventDate "2016.07.03"]
[EventType "swiss"]
[EventRounds "9"]
[EventCountry "RUS"]
[SourceTitle "EXT 2019"]
[Source "ChessBase"]
[SourceDate "2018.10.10"]
[SourceVersion "1"]
[SourceVersionDate "2018.10.10"]
[SourceQuality "1"]

1. d4 f5 2. c4 e6 3. Nf3 Nf6 4. g3 d6 5. Bg2 Be7 6. 0-0 0-0 7. Qc2 Qe8 8. Nbd2 Qg6 9. Re1 Ne4 10. Nxe4 fxe4 11. Nd2 e3 12. Be4 exf2+ 13. Kf1 fxe1Q+ 14. Kxe1 Qh5 15. Nf3 d5 16. Bd3 c6 17. Be3 Nd7 18. Kd2 Nf6 19. Rg1 Ng4 20. Bf4 Bb4+ 21. Kc1 Nf2 22. c5 Nxd3+ 23. Qxd3 Qf5 24. Qd1 b6 25. h4 bxc5 26. dxc5 Ba6 0-1

[Event "Samara Polugaevsky Memorial 6th"]
[Site "Samara"]
[Date "2016.07.03"]
[Round "1"]
[White "Khafizov, Emir"]
[Black "Nesterov, Arseniy"]
[Result "1/2-1/2"]
[WhiteElo "1720"]
[BlackElo "2262"]
[PlyCount "87"]
[EventDate "2016.07.03"]
[EventType "swiss"]
[EventRounds "9"]
[EventCountry "RUS"]
[SourceTitle "EXT 2019"]
[Source "ChessBase"]
[SourceDate "2018.10.10"]
[SourceVersion "1"]
[SourceVersionDate "2018.10.10"]
[SourceQuality "1"]

1. d4 e6 2. c4 b6 3. Nf3 Bb7 4. g3 Bb4+ 5. Bd2 Bxd2+ 6. Nbxd2 f5 7. Bg2 Nf6 8. 0-0 0-0 9. Qc2 Qe8 10. Ne1 Bxg2 11. Nxg2 Nc6 12. Nf3 Ne4 13. a3 Ne7 14. Nd2 Nf6 15. e4 fxe4 16. Nxe4 Qg6 17. Rfe1 Nc6 18. Rad1 Ng4 19. f4 Na5 20. b4 Nb7 21. Rd2 Qh5 22. Ne3 Nxe3 23. Rxe3 a5 24. b5 Nd6 25. a4 Rac8 26. Rc3 Nxe4 27. Qxe4 c6 28. Qe5 Qg6 29. d5 Qb1+ 30. Kg2 cxd5 31. cxd5 Rxc3 32. Qxc3 Qe4+ 33. Qf3 Qxa4 34. dxe6 dxe6 35. Qc6 Qb4 36. Re2 Qd4 37. Qxe6+ Kh8 38. Qe7 Qd5+ 39. Kh3 Qf5+ 40. Kg2 Qd5+ 41. Kh3 Ra8 42. Re5 Qg8 43. f5 Qd8 44. Qb7 1/2-1/2

[Event "Nezhmetdinov Memorial 38th"]
[Site "Kazan"]
[Date "2016.06.06"]
[Round "7"]
[White "Shafigullina, Zarina"]
[Black "Khafizov, Emir"]
[Result "1-0"]
[WhiteElo "1901"]
[BlackElo "1684"]
[PlyCount "81"]
[EventDate "2016.05.31"]
[EventType "swiss"]
[EventRounds "9"]
[EventCountry "RUS"]
[SourceTitle "CBM 172 Extra"]
[Source "ChessBase"]
[SourceDate "2016.06.21"]
[SourceVersion "1"]
[SourceVersionDate "2016.06.21"]
[SourceQuality "1"]

1. d4 d5 2. Nf3 Nf6 3. c4 c6 4. e3 e6 5. Nc3 Be7 6. Be2 Nbd7 7. 0-0 0-0 8. Qc2 b6 9. b3 Bb7 10. Bb2 Qc7 11. cxd5 cxd5 12. Rac1 Rac8 13. Qb1 Qb8 14. Bd3 Bd6 15. Nb5 Be7 16. h3 a6 17. Nc3 Bd6 18. Nd2 h6 19. f4 Be7 20. Nf3 Ne8 21. g4 Nd6 22. h4 f5 23. g5 h5 24. Ne5 Nxe5 25. fxe5 Ne4 26. Bxe4 fxe4 27. Ne2 Rxc1 28. Qxc1 Rxf1+ 29. Qxf1 Qe8 30. Nf4 Bf8 31. g6 Bc8 32. Qe2 b5 33. Qxh5 Bb4 34. Qh7+ Kf8 35. Qh8+ Ke7 36. Qxg7+ Kd8 37. Qf6+ Be7 38. Nxe6+ Bxe6 39. Qxe6 Kc7 40. g7 Qh5 41. Qxe7+ 1-0